• 首页
  • 本馆介绍
  • 公告通知
  • 最新文献
  • 馆藏检索
  • 电子资源
  • 读者导购
  • 参考咨询
  • 我的图书馆
  • 登录
  • 期刊详细显示
  • 现刊情况显示
  • 合订本情况显示
  • 篇目信息显示

期刊信息

  • 表格格式
  • 工作单格式
  • 卡片格式
索取号 
Z6/JRZHG
题名 
CHINA TODAY
作者 
ISRAEL EPSTEIN
分册号 
分册名 
出版地 
出版者 
PEACE BOOK CO.,LTD.
标准刊号 
1003-0905
出版频率 
月刊
中图法分类 
Z6
主题词 
期刊; 连续出版物; 报刊; 报纸; 快报
电子资源 
000 00784nas0 2200253 45
001 0752754655
005 20140923145135.10
011    @a1003-0905
100    @a20070416d km y0chiy0120 ea
101 0  @aeng
200 1  @aCHINA TODAY@d=今日中国@fISRAEL EPSTEIN@zchi
207    @aPublished monthly by China today under China Foreign Languages Publishing Administration in English,Spanish,French,Arabic,and Chinese,With digital versions in Chinese,English,German,Spanish and Arabic on the Internet.
210    @cPEACE BOOK CO.,LTD.
326    @a月刊
510    @a今日中国
606 0  @a期刊
606 0  @a连续出版物
606 0  @a报刊
606 0  @a报纸
606 0  @a快报
690    @aZ6@v4
701  0 @aISRAEL EPSTEIN
801  0 @aCN@bPFT@c20070416
905    @aTJWY@dZ6@eJRZHG
    
    CHINA TODAY=今日中国/ISRAEL EPSTEIN.-Published monthly by China today under China Foreign Languages Publishing Administration in English,Spanish,French,Arabic,and Chinese,With digital versions in Chinese,English,German,Spanish and Arabic on the Internet.-PEACE BOOK CO.,LTD.
    
    ←并列题名:今日中国
    
    ISSN 1003-0905
    
●
相关链接: 在易读查询期刊 在中国知网中查询期刊 在万方数据查询期刊 在维普查询期刊
唐山师范学院图书馆 欢迎您!
大连网信软件有限公司© 版权所有